000 00415nam a2200169Ia 4500
008 131103s9999 xx 000 0 und d
040 _aLoreto College
041 _aEnglish
082 _aF/DEI
_bLCBED/6256
100 _aDeighton, Len
245 _aSpy story
_cLen Deighton
260 _a[s.l.]
_bGranada
_c1974
300 _a224p.
_c 18cm.
650 _aEnglish Fiction
850 _aLCBED/F/DEI
942 _cBK
999 _c32516
_d82995